000 00426nam a2200145Ia 4500
008 231129s2010||||xx |||||||||||||| ||spa||
020 _a978-958-8269-75-7
040 _bspa
082 _a796.2 P438d
100 _aPérez Atehortúa Rosa Elena
245 0 _aDinámicas de grupos técnicas grupales y juegos : jugando a ser libres
260 _c2010
264 _aKinesis
942 _2ddc
_cBKS
999 _c9589
_d9589